Statistics for UB40 Discography

Click here to take the quiz!

General Stats

  • This quiz has been taken 20 times
  • The average score is 11 of 43

Answer Stats

TypeYearName% Correct
Album1983Labour of Love
69%
Album1989Labour of Love II
69%
Compilation2014Red Red Wine: The Collection
69%
Compilation2016Red Red Wine: The Essential UB40
69%
Album1998Labour of Love III
62%
Album1981Present Arms
46%
Album1980Signing Off
46%
Album1988UB40
46%
Album2010Labour of Love IV
38%
Album1982UB44
38%
Album1985Baggariddim
31%
Album2003Homegrown
31%
Remix Album1981Present Arms in Dub
31%
Album1986Rat in the Kitchen
31%
Compilation1987The Best of UB40 - Volume One
31%
Double Package2005The Best of UB40, Volumes 1 & 2
31%
Compilation1995The Best of UB40 - Volume Two
31%
Compilation2000The Very Best of UB40 1980-2000
31%
Live Album1983UB40 Live
31%
Album1984Geffery Morgan
23%
Album1997Guns in the Ghetto
23%
Album1993Promises and Lies
23%
Album2005Who You Fighting For?
23%
Remix Album2007Dub Sessions
15%
Double Package1994Labour of Love, Volumes I and II
15%
Compilation1985The UB40 File
15%
Live Album2016Unplugged
15%
Compilation2012All the Best
8%
Album2001Cover Up
8%
Album2013Getting Over the Storm
8%
Live Album2009LIVE 2002 Arena: 12 December 2009
8%
Live Album2007Live at Montreux 2002
8%
Compilation2009Love Songs
8%
Compilation1983More UB40 Music
8%
Live Album2008The Lost Tapes - Live at the Venue 1980
8%
Album2008TwentyFourSeven
8%
Live Album1987UB40 CCCP: Live in Moscow
8%
Compilation2002UB40 Presents the Fathers of Reggae
8%
Live Compilation1998UB40 Present the Dancehall Album
8%
Compilation2009Best of Labour of Love
0%
Box Set2003Labour of Love, Volumes I, II and III – The Platinum Collection
0%
Compilation1982The Singles Album
0%
Compilation1983UB40 1980-83
0%

Score Distribution

Percentile by Number Answered

Percent of People with Each Score

Your Score History

You have not taken this quiz